| 000 | 00858cam a2200253 a 4500 | ||
|---|---|---|---|
| 001 | 000006683 | ||
| 005 | 20200929153956.0 | ||
| 008 | 810921s1971 nyu 000 f spa d | ||
| 040 |
_aDO-SdBNP _cCarP _dDLC |
||
| 082 |
_aCu863.2 _bV727ce |
||
| 100 | 1 |
_aVillaverde, Cirilo, _d1812-1894 _92315 |
|
| 245 | 1 | 0 |
_aCecilia Valdés o la loma del Ángel : _bnovela de costumbres cubanas / _cCirilo Villaverde ; edición, prólogo y notas de Olga Blondet Tudisco ... [et al.]. |
| 260 |
_aNew York : _bAnaya, _c1971. |
||
| 300 |
_a2 v. ; _c18 cm. |
||
| 490 | 1 |
_aBolsianaya _v8 y 9 |
|
| 650 | 4 |
_aNovela cubana _92316 |
|
| 650 | 4 |
_aLiteratura cubana _91483 |
|
| 700 | 1 |
_aTudisco, Olga Blondet, _eed. _918622 |
|
| 700 | 1 |
_aTudisco, Antonio, _eed. _918623 |
|
| 830 | 0 |
_aBolsianaya; _v8 y 9 _918624 |
|
| 910 | _aCatalogación por copia / LC | ||
| 910 | _aWM | ||
| 049 | _aBNGR | ||
| 999 |
_c6472 _d6472 |
||